| 000 | 00530nam a2200181Ia 4500 | ||
|---|---|---|---|
| 008 | 170203s9999 xx 000 0 und d | ||
| 020 | _a8178134608 | ||
| 050 | _aFic | ||
| 050 | _bA244 | ||
| 100 | _aDe Castro, Doreen. | ||
| 245 | 4 | _aThe adventures of Tom Sawyer / | |
| 245 | _cretold from Mark Twain by Doreen de Castro. | ||
| 260 | _bSunrise Publishers & Distributors. | ||
| 300 | _a160 pages : | ||
| 650 | _aFiction. | ||
| 650 | _aSawyer, Tom (Fictitious character) -- | ||
| 650 | _xSawyer, Tom (Fictitious character) | ||
| 999 |
_c306667 _d306667 |
||